| 000 | 01392nam a22002897a 4500 | ||
|---|---|---|---|
| 999 |
_c15797 _d15797 |
||
| 003 | EG-ScBUE | ||
| 005 | 20210206104437.0 | ||
| 008 | 110810s1985 le f 000 0 ara d | ||
| 040 |
_aEG-ScBUE _bara _erda _cEG-ScBUE _dEG-ScBUE |
||
| 082 | 0 | 4 |
_a160 _bس ي ن _222 |
| 100 | 1 |
_926614 _aابن سينا، الحسين بن عبد الله، _d370-428 هـ.، _eمؤلف. |
|
| 245 |
_aكتاب النجاة في الحكمة المنطقية والطبيعية والإلهية / _cتأليف الشيخ الرئيس الحسين أبي علي بن سينا ؛ نقحه وقدم له الدكتور ماجد فخري، رئيس دائرة الفلسفة في الجامعة الأميركية في بيرو. |
||
| 246 | 3 | 0 | _aنجاة في الحكمة المنطقية والطبيعية والإلهية |
| 250 | _aالطبعة الأولى. | ||
| 264 | 1 |
_a[بيروت] : _bمنشورات دار الآفاق الجديد، _c1985. |
|
| 300 |
_a344 صفحة ؛ _c24 سم |
||
| 336 |
_2rdacontent _aنص _btxt |
||
| 337 |
_2rdamedia _aبدون وسيط _bn |
||
| 338 |
_2rdacarrier _aمجلد _bnc |
||
| 650 | 7 |
_914988 _aفلسفة الطبيعة. _2BUEsh |
|
| 650 | 7 |
_aالمنطق عند العرب. _2BUEsh |
|
| 651 | _2BUEsh | ||
| 653 |
_cAugust2011 _bGGEN |
||
| 655 |
_vReading book _934232 |
||
| 700 | 1 |
_926616 _aفخري، ماجد، _d1923- _eمقدم. |
|
| 942 |
_2ddc _cBB |
||